书目信息 |
| 题名: |
世界传记名著鉴赏辞典
|
|
| 作者: | 宗河 主编 | |
| 分册: | ||
| 出版信息: | 北京 中国工人出版社 1990 |
|
| 页数: | 1319页 | |
| 开本: | 19cm | |
| 丛书名: | ||
| 单 册: | ||
| 中图分类: | K811-61 | |
| 科图分类: | ||
| 主题词: | 姓氏--世界--词典 , 姓名--世界--词典 | |
| 电子资源: | ||
| ISBN: | 7-5008-0447-4 | |
| 000 | 00625nam0 2200217 45 | |
| 001 | 0196109136 | |
| 005 | 20061115082314.81 | |
| 010 | @a7-5008-0447-4@dCNY19.00 | |
| 100 | @a19961022d1990 em y0chiy0120 ea | |
| 101 | 0 | @achi |
| 102 | @aCN@b110000 | |
| 105 | @ay e 000zd | |
| 200 | 10 | @a世界传记名著鉴赏辞典@Ashi jie chuan ji ming zhu jian shang ci dian@f宗河主编@FZong He Zhu Bian |
| 210 | @a北京@c中国工人出版社@d1990 | |
| 215 | @a1319页@d19cm | |
| 606 | @a姓氏@y世界@x词典 | |
| 606 | 0 | @a姓名@x世界@x词典 |
| 690 | @aK811-61@v3 | |
| 701 | 0 | @a宗河@4主编 |
| 801 | 0 | @aCN@bNLC@c20061115 |
| 905 | @dK811-61@e11@f1@b231709 | |
| 世界传记名著鉴赏辞典/宗河主编.-北京:中国工人出版社,1990 |
| 1319页;19cm |
| ISBN 7-5008-0447-4:CNY19.00 |
| ● |
| 相关链接 |
|
|
|
|
正题名:世界传记名著鉴赏辞典
索取号:K811-61/11
 
预约/预借
| 序号 | 登录号 | 条形码 | 馆藏地/架位号 | 状态 | 备注 |
| 1 | 0231387 | 002000792 | 第二借阅区/ [索取号:K811-61/11] | 在馆 | |
| 2 | 0231388 | 202087099 | 第二样本阅览室/ [索取号:K811-61/11] | 在馆 | |
| 3 | 0231708 | 002001005 | 第二借阅区/ [索取号:K811-61/11] | 在馆 | |
| 4 | 0231709 | 001411314 | 工具书阅览室/ [索取号:K811-61/11] | 在馆 |